000 00581nam a2200229Ia 4500
003 BUBTL
008 151213s9999 xx 000 0 und d
020 _a981-235-987-7
082 _a515
_bTHC
100 _aThomas / Finney
245 _aCalculus
_cThomas / Finney
250 _a9th
260 _aIndia
_bAddison - Wesley
_c1996
300 _a[xviii] ,1139p . :
_b21cm .
500 _aIncludes Index .
650 _aCalculus
650 _aMathematics
700 _aThomas / Finney
856 _k0
_l0
_yDownload
942 _2ddc
_cBK
999 _c3731
_d3731